A Study of Brand Building Strategies Undertaken by The Fitness Industry With Reference to Golds Gym-India(Pune) (Record no. 69053)

MARC details
000 -LEADER
fixed length control field 00445nam a2200145Ia 4500
008 - FIXED-LENGTH DATA ELEMENTS--GENERAL INFORMATION
fixed length control field 221007s9999 xx 000 0 und d
041 ## - LANGUAGE CODE
Language code of text/sound track or separate title eng
082 ## - DEWEY DECIMAL CLASSIFICATION NUMBER
Item number MEN
100 ## - MAIN ENTRY--PERSONAL NAME
Personal name Mendjoge Sonika (2K91135)
9 (RLIN) 101898
245 #2 - TITLE STATEMENT
Title A Study of Brand Building Strategies Undertaken by The Fitness Industry With Reference to Golds Gym-India(Pune)
260 ## - PUBLICATION, DISTRIBUTION, ETC. (IMPRINT)
Date of publication, distribution, etc. 2011
Name of publisher, distributor, etc. Pune University
Place of publication, distribution, etc. Pune
300 ## - PHYSICAL DESCRIPTION
Extent 59p
520 ## - SUMMARY, ETC.
Summary, etc. Munde Kamlakar
906 ## - LOCAL DATA ELEMENT F, LDF (RLIN)
b General
Holdings
Withdrawn status Lost status Damaged status Not for loan Home library Current library Date acquired Vendor Total Checkouts Full call number Barcode Date last seen Bill Date Koha item type Original Barcode
        Smt. Hiraben Nanavati Institute of Management & Research for Women Smt. Hiraben Nanavati Institute of Management & Research for Women 02/01/2012 HNIMR   MEN HIMR-PR-416 07/10/2022 02/01/2012 Project Reports PR0416